00313nam a2200121Ia 4500008004100000040001600041041001200057082001400069100002100083245003200104260004400136300001100180230917s9999||||xx |||||||||||||| ||und|| e28322aMAIN aEnglish aB D542N:D aNaqvi, Kahkashan 0aDiana: A candle in the wind aChandigarhbAbhishek Publicationsc1997 a144 p.